000 00461nam a2200193Ia 4500
005 20240823042020.0
008 240823s9999||||xx |||||||||||||| ||und||
041 _aENGLISH
082 _A621.3 P4
100 _aKothari D P
245 0 _aBasic Electrical Engineering
250 _a2nd
260 _c2004
_b"Tata Mcgraw Hill,New "
500 _aTRANSFERED
650 _aElectrical
_bElectrical
700 _a Nagrath I J
942 _cBK
999 _c206870
_d206870